| 000 | 00748nam a2200217Ia 4500 | ||
|---|---|---|---|
| 001 | 8892 | ||
| 003 | GE_BSU | ||
| 008 | 181216s||||||||xx |||||||||||||| ||und|| | ||
| 040 | _cGE_BSU | ||
| 100 | _aკასრაძე,დავით | ||
| 245 | _aგანთიადამდე, გორის ციხე | ||
| 245 | _bრომანი | ||
| 245 | _cრედ. ბ.ხარანაული, მხატვ. ზ. მეძმარიაშვილი | ||
| 260 | _aთბილისი | ||
| 260 | _bსაბჭოთა აჭარა | ||
| 260 | _c1967 | ||
| 300 | _a610გვ.ილ.20სმ. | ||
| 653 | _aგანთიადამდე, გორის ციხე | ||
| 653 | _aრომანი | ||
| 942 | _cBK | ||
| 999 |
_c42199 _d42199 |
||